[Event "Regionalliga NO 1213"]
[Site "Bayern"]
[Date "2013.03.17"]
[Round "8.8"]
[White "Matuschek, Thomas"]
[Black "Petersammer, Georg"]
[Result "0-1"]
[WhiteElo "1672"]
[BlackElo "1917"]
[PlyCount "80"]
[EventDate "2012.10.14"]
[EventType "team-tourn"]
[EventRounds "9"]
[EventCountry "GER"]
[SourceTitle "EXT 2015"]
[Source "ChessBase"]
[SourceDate "2014.11.20"]
[SourceVersion "1"]
[SourceVersionDate "2014.11.20"]
[SourceQuality "1"]
[WhiteTeam "Amberg Siemens"]
[BlackTeam "Lauf"]
[WhiteTeamCountry "GER"]
[BlackTeamCountry "GER"]

1. Nf3 c5 2. b3 d5 3. e3 Nc6 4. Bb2 Bg4 5. Be2 e6 6. 0-0 Nf6 7. d4 Rc8 8. a3 Qc7 9. dxc5 Bxc5 10. Nbd2 Qe7 11. c4 0-0 12. Bxf6 Qxf6 13. cxd5 exd5 14. b4 Bb6 15. Nd4 Bd7 16. Nxc6 bxc6 17. Nb3 Qg5 18. Bf3 f5 19. g3 f4 20. exf4 Rxf4 21. Qd2 Rcf8 22. Kh1 R4f5 23. Qxg5 Rxg5 24. Nd2 Bd4 25. Ra2 Bc3 26. Bg2 Bc8 27. f4 Rg6 28. Rc2 d4 29. Rfc1 Re8 30. Be4 Rge6 31. Bd3 Re3 32. Bc4+ Kf8 33. Kg2 Bf5 34. Ra2 R8e7 35. Nb1 Be4+ 36. Kf1 Bxb1 37. Rxb1 d3 38. Rf2 Re1+ 39. Rxe1 Rxe1+ 40. Kg2 d2 0-1

[Event "Regionalliga NO 1213"]
[Site "Bayern"]
[Date "2013.02.24"]
[Round "7.8"]
[White "Petersammer, Georg"]
[Black "Schwarm, Werner"]
[Result "0-1"]
[WhiteElo "1917"]
[BlackElo "1821"]
[PlyCount "98"]
[EventDate "2012.10.14"]
[EventType "team-tourn"]
[EventRounds "9"]
[EventCountry "GER"]
[SourceTitle "EXT 2015"]
[Source "ChessBase"]
[SourceDate "2014.11.20"]
[SourceVersion "1"]
[SourceVersionDate "2014.11.20"]
[SourceQuality "1"]
[WhiteTeam "Lauf"]
[BlackTeam "Altensittenbach"]
[WhiteTeamCountry "GER"]
[BlackTeamCountry "GER"]

1. d4 d5 2. Bg5 Nf6 3. Nd2 c6 4. c3 Bf5 5. Ngf3 Qb6 6. Qb3 Nbd7 7. e3 e6 8. Be2 Bd6 9. 0-0 h6 10. Bh4 g5 11. Bg3 Bxg3 12. hxg3 Qxb3 13. Nxb3 0-0-0 14. a4 Bc2 15. Nc1 Rdg8 16. b4 h5 17. Ra2 Bf5 18. b5 c5 19. c4 h4 20. dxc5 hxg3 21. Nd4 Rh7 22. Nxf5 exf5 23. fxg3 Ne4 24. Nd3 Rgh8 25. Nf2 Nxg3 26. Rd1 Nf6 27. Rd4 Nfe4 28. Nxe4 Nxe4 29. Rxe4 dxe4 30. Rd2 Rd8 31. Ra2 f6 32. a5 Rhd7 33. Kf2 Rd2 34. Ra1 Rb2 35. a6 Rdd2 36. axb7+ Kxb7 37. c6+ Kb8 38. Re1 Rdc2 39. Kf1 Kc7 40. g3 Ra2 41. g4 f4 42. exf4 gxf4 43. Bd1 Rf2+ 44. Kg1 Rg2+ 45. Kh1 Rh2+ 46. Kg1 Rag2+ 47. Kf1 f3 48. Bxf3 exf3 49. Re7+ Kb6 0-1

[Event "Regionalliga NO 1213"]
[Site "Bayern"]
[Date "2013.01.13"]
[Round "5.8"]
[White "Petersammer, Georg"]
[Black "Wagner, Robert"]
[Result "1/2-1/2"]
[WhiteElo "1917"]
[BlackElo "1750"]
[PlyCount "96"]
[EventDate "2012.10.14"]
[EventType "team-tourn"]
[EventRounds "9"]
[EventCountry "GER"]
[SourceTitle "EXT 2015"]
[Source "ChessBase"]
[SourceDate "2014.11.20"]
[SourceVersion "1"]
[SourceVersionDate "2014.11.20"]
[SourceQuality "1"]
[WhiteTeam "Lauf"]
[BlackTeam "Forchheim II"]
[WhiteTeamCountry "GER"]
[BlackTeamCountry "GER"]

1. Nf3 d5 2. d4 Nf6 3. Bg5 e6 4. Nbd2 Be7 5. e3 b6 6. c3 0-0 7. Bd3 Bb7 8. 0-0 Nbd7 9. Re1 c5 10. Rc1 Ne4 11. Bf4 Ndf6 12. Ne5 Nxd2 13. Qxd2 Nh5 14. Qe2 Nxf4 15. exf4 Bf6 16. Qh5 g6 17. Qh3 Rc8 18. Qg4 cxd4 19. cxd4 Bxe5 20. fxe5 f5 21. exf6 Qxf6 22. f3 Kf7 23. Rxc8 Rxc8 24. Re5 Rc1+ 25. Kf2 Ra1 26. a3 Ra2 27. Re3 Rxb2+ 28. Be2 Ba6 29. Kf1 h5 30. Qg3 Bxe2+ 31. Rxe2 Rb1+ 32. Re1 Rxe1+ 33. Kxe1 Qxd4 34. Qc7+ Kf6 35. Qd8+ Kg7 36. Qe7+ Kh6 37. h4 Qg1+ 38. Ke2 Qxg2+ 39. Ke3 Qg1+ 40. Ke2 Qh2+ 41. Kf1 Qf4 42. Kg2 a5 43. Qd8 Qe5 44. Qxb6 d4 45. Qd8 g5 46. Qf8+ Kg6 47. Qg8+ Kh6 48. Qf8+ Kg6 1/2-1/2

[Event "Regionalliga NO 1112"]
[Site "Bayern"]
[Date "2011.11.20"]
[Round "3.8"]
[White "Petersammer, Georg"]
[Black "Akopdjanian, Martin"]
[Result "1/2-1/2"]
[WhiteElo "1927"]
[BlackElo "1615"]
[PlyCount "123"]
[EventDate "2011.10.02"]
[EventType "team-tourn"]
[EventRounds "9"]
[EventCountry "GER"]
[SourceTitle "EXT 2013"]
[Source "ChessBase"]
[SourceDate "2012.11.22"]
[SourceVersion "1"]
[SourceVersionDate "2012.11.22"]
[SourceQuality "1"]
[WhiteTeam "Lauf"]
[BlackTeam "Fuerth"]
[WhiteTeamCountry "GER"]
[BlackTeamCountry "GER"]

1. Nf3 Nf6 2. d4 e6 3. Bg5 d5 4. Nbd2 Nbd7 5. c3 h6 6. Bh4 Be7 7. Qc2 c5 8. e3 0-0 9. Be2 a6 10. 0-0 b6 11. h3 Bb7 12. Nh2 e5 13. f4 e4 14. Qb3 Rc8 15. g4 Nh7 16. Bg3 Bh4 17. Kg2 Bxg3 18. Kxg3 g5 19. fxg5 hxg5 20. Rf5 c4 21. Qd1 f6 22. Ndf1 Rf7 23. Kg2 Ndf8 24. Ng3 Ng6 25. Kh1 Nh4 26. Rf2 Rc6 27. Qg1 Bc8 28. Raf1 Nf8 29. Nf5 Bxf5 30. gxf5 Qd6 31. Ng4 Rg7 32. Bd1 Nd7 33. Qh2 Qxh2+ 34. Kxh2 Kf7 35. Kg3 b5 36. Nh2 Rh7 37. Rc2 Nb6 38. Rc1 Nc8 39. Bg4 Nd6 40. Ra1 Rh8 41. Rf2 Rb8 42. a3 Ke7 43. Nf1 Rcb6 44. Kh2 Nf7 45. Ng3 Nh6 46. Be2 Nf7 47. Kg1 Rh8 48. Kf1 Rbb8 49. Bg4 Nh6 50. Ke2 Nf7 51. Raf1 Nd6 52. Kd1 a5 53. Rc2 b4 54. axb4 axb4 55. Ke2 bxc3 56. bxc3 Rb3 57. Ra1 Nb5 58. Kd2 Rb8 59. Ra6 Nd6 60. Ra7+ R8b7 61. Ra5 R7b5 62. Ra7+ 1/2-1/2

[Event "Regionalliga NO 1011"]
[Site "Bayern"]
[Date "2010.10.24"]
[Round "2.8"]
[White "Angerer, Martin"]
[Black "Petersammer, Georg"]
[Result "1/2-1/2"]
[WhiteElo "1909"]
[BlackElo "1908"]
[PlyCount "63"]
[EventDate "2010.10.10"]
[EventType "team-tourn"]
[EventRounds "9"]
[EventCountry "GER"]
[SourceTitle "EXT 2012"]
[Source "ChessBase"]
[SourceDate "2011.11.24"]
[SourceVersion "1"]
[SourceVersionDate "2011.11.24"]
[SourceQuality "1"]
[WhiteTeam "Weiden"]
[BlackTeam "Lauf"]
[WhiteTeamCountry "GER"]
[BlackTeamCountry "GER"]

1. e4 g6 2. d4 Bg7 3. Nf3 d6 4. Nc3 Nf6 5. Bg5 h6 6. Be3 c6 7. h3 Qa5 8. Qd2 b5 9. Bd3 Na6 10. 0-0 Qc7 11. a3 Rb8 12. Rfe1 Nd7 13. e5 dxe5 14. Nxe5 Nxe5 15. dxe5 Be6 16. f4 Rd8 17. Qf2 Rd7 18. Nxb5 cxb5 19. Bxb5 Qb7 20. Bxd7+ Bxd7 21. b4 0-0 22. Bxa7 Ba4 23. Re2 Rc8 24. Bd4 e6 25. Rd2 Bf8 26. Qe2 Qc6 27. Kh2 Bb5 28. Qf2 Nc7 29. Rc1 Qc4 30. Bb2 Nd5 31. Qd4 Nxf4 32. Qxc4 1/2-1/2

[Event "Regionalliga NO 1011"]
[Site "Bayern"]
[Date "2010.10.10"]
[Round "1.8"]
[White "Petersammer, Georg"]
[Black "Zimmermann, Andre"]
[Result "0-1"]
[WhiteElo "1908"]
[BlackElo "1899"]
[PlyCount "110"]
[EventDate "2010.10.10"]
[EventType "team-tourn"]
[EventRounds "9"]
[EventCountry "GER"]
[SourceTitle "EXT 2012"]
[Source "ChessBase"]
[SourceDate "2011.11.24"]
[SourceVersion "1"]
[SourceVersionDate "2011.11.24"]
[SourceQuality "1"]
[WhiteTeam "Lauf"]
[BlackTeam "Windischeschenbach"]
[WhiteTeamCountry "GER"]
[BlackTeamCountry "GER"]

1. Nf3 Nf6 2. d4 g6 3. Bg5 d5 4. Nbd2 Bg7 5. c3 0-0 6. e3 c5 7. Bd3 Nc6 8. 0-0 cxd4 9. exd4 Bg4 10. h3 Bxf3 11. Nxf3 Ne4 12. Bf4 Nd6 13. Qe2 Rc8 14. Rfe1 Re8 15. Ne5 Nxe5 16. dxe5 Nc4 17. e6 f6 18. Rad1 Qb6 19. Kh1 Ne5 20. Bxe5 fxe5 21. Bb5 Rf8 22. Bd7 Rc5 23. f3 Qd6 24. Rd3 d4 25. Red1 Rf4 26. g3 Rf6 27. Qe4 Qc7 28. cxd4 exd4 29. f4 Rff5 30. Kg2 Rc2+ 31. R3d2 Rxd2+ 32. Rxd2 Rc5 33. g4 Bf6 34. a3 Rc1 35. g5 Bg7 36. f5 Qc5 37. Rf2 Qe5 38. Qxe5 Bxe5 39. f6 Kf8 40. Bb5 a6 41. Ba4 d3 42. f7 Rb1 43. Kf3 Rxb2 44. Rf1 d2 45. Bd1 Rb6 46. Ke4 Bb2 47. Bg4 Bxa3 48. Rd1 Rd6 49. Ke3 Bc1 50. h4 a5 51. h5 gxh5 52. Bf5 a4 53. Kf4 a3 54. g6 hxg6 55. Rg1 d1Q+ 0-1

[Event "Mittelfranken-chTB1 0910"]
[Site "Mittelfranken"]
[Date "2010.01.10"]
[Round "5.8"]
[White "Petersammer, Georg"]
[Black "Suess, Stefan"]
[Result "1-0"]
[WhiteElo "1894"]
[BlackElo "1820"]
[PlyCount "117"]
[EventDate "2009.10.11"]
[EventType "team-tourn"]
[EventRounds "9"]
[EventCountry "GER"]
[SourceTitle "EXT 2011"]
[Source "ChessBase"]
[SourceDate "2010.11.26"]
[SourceVersion "1"]
[SourceVersionDate "2010.11.26"]
[SourceQuality "1"]
[WhiteTeam "Lauf"]
[BlackTeam "Nuernberg NT III"]
[WhiteTeamCountry "GER"]
[BlackTeamCountry "GER"]

1. d4 f5 2. c4 Nf6 3. Nc3 d6 4. Bg5 Nbd7 5. e3 g6 6. Be2 Bg7 7. Nf3 0-0 8. Qb3 c6 9. h3 Qb6 10. 0-0 Re8 11. Rfd1 e5 12. d5 Qc7 13. Rac1 Nc5 14. Qc2 Nce4 15. Bxf6 Nxf6 16. b4 Qe7 17. Qd2 Rd8 18. Qc2 Bd7 19. Qb3 cxd5 20. Nxd5 Nxd5 21. cxd5 Rdc8 22. Ne1 Qe8 23. b5 Kf7 24. a4 Rxc1 25. Rxc1 Rc8 26. Rc4 Rxc4 27. Bxc4 Qc8 28. Nd3 Qc7 29. Qb4 b6 30. Qb3 Kf8 31. Nb4 Bh6 32. Nc6 Bg5 33. Qd3 Bd8 34. f4 Bf6 35. g3 e4 36. Qd1 Kg7 37. Kg2 h6 38. g4 Qc8 39. Be2 Qc7 40. Kh2 g5 41. Qg1 Qc8 42. Qg2 Qg8 43. Bc4 Qe8 44. gxf5 Bxf5 45. Bf1 Qf7 46. Bc4 Kh7 47. Qg3 Qh5 48. fxg5 hxg5 49. Qg2 g4 50. Be2 Bg5 51. Bxg4 Bxg4 52. Qxe4+ Kh6 53. Qxg4 Qg6 54. e4 Qg7 55. e5 dxe5 56. Qe6+ Kh5 57. Qf5 Kh6 58. Nxe5 Qc7 59. Qg6# 1-0

[Event "Mittelfranken-chTB2b 0809"]
[Site "Mittelfranken"]
[Date "2008.10.12"]
[Round "1.2"]
[White "Arlt, Michael"]
[Black "Petersammer, Georg"]
[Result "1-0"]
[WhiteElo "1917"]
[BlackElo "1895"]
[PlyCount "137"]
[EventDate "2008.10.12"]
[EventType "team"]
[EventRounds "9"]
[EventCountry "GER"]
[SourceTitle "EXT 2011"]
[Source "ChessBase"]
[SourceDate "2010.11.26"]
[SourceVersion "1"]
[SourceVersionDate "2010.11.26"]
[SourceQuality "1"]
[WhiteTeam "Schwanstetten"]
[BlackTeam "Lauf II"]
[WhiteTeamCountry "GER"]
[BlackTeamCountry "GER"]

1. d4 g6 2. Nf3 Bg7 3. e4 b6 4. Bc4 Bb7 5. Nc3 e6 6. Bg5 f6 7. Be3 Ne7 8. d5 exd5 9. exd5 d6 10. Nd4 Bc8 11. Bb5+ Kf7 12. Qf3 Bd7 13. Ne6 Qc8 14. Bd3 Re8 15. Nxg7 Kxg7 16. Ne4 Ng8 17. Bd4 Qd8 18. g4 c6 19. 0-0-0 cxd5 20. Nxf6 Nxf6 21. g5 Rf8 22. Bxf6+ Rxf6 23. gxf6+ Qxf6 24. Qxf6+ Kxf6 25. Rhe1 Be6 26. Bb5 a6 27. Ba4 Ra7 28. Bb3 Rd7 29. Bxd5 Bxd5 30. Rxd5 Nc6 31. Re8 Kf7 32. Ra8 Ke6 33. Rd2 a5 34. Re8+ Kf5 35. Rf8+ Ke6 36. Re2+ Kd5 37. h4 Nd4 38. Re1 Kc5 39. c3 Nf5 40. h5 b5 41. Rc8+ Kb6 42. hxg6 hxg6 43. Rg8 b4 44. cxb4 axb4 45. Rxg6 Nd4 46. Re4 Kc5 47. Rgg4 Nc6 48. Rc4+ Kb5 49. Rxc6 Kxc6 50. Rxb4 Rf7 51. f4 Kc5 52. Re4 d5 53. b4+ Kb5 54. Rd4 Rf5 55. Kc2 Ka4 56. Kd2 Rh5 57. Ke3 Rh3+ 58. Kf2 Ra3 59. f5 Kb5 60. f6 Rxa2+ 61. Ke3 Kc6 62. f7 Ra8 63. Rf4 Rf8 64. Kd4 Kd6 65. b5 Ke6 66. b6 Kd6 67. b7 Kc7 68. Kxd5 Kxb7 69. Ke6 1-0

[Event "Nuremberg Zabo op 10th"]
[Site "Nuremberg"]
[Date "2008.09.20"]
[Round "3"]
[White "Lechler, Walter"]
[Black "Petersammer, Georg"]
[Result "1/2-1/2"]
[WhiteElo "1626"]
[BlackElo "1895"]
[PlyCount "64"]
[EventDate "2008.09.19"]
[EventType "swiss"]
[EventRounds "5"]
[EventCountry "GER"]
[SourceTitle "EXT 2012"]
[Source "ChessBase"]
[SourceDate "2011.11.24"]
[SourceVersion "1"]
[SourceVersionDate "2011.11.24"]
[SourceQuality "1"]

1. e4 c5 2. Nf3 Nc6 3. d4 cxd4 4. Nxd4 g6 5. c4 Bg7 6. Be3 Qa5+ 7. Nc3 d6 8. Be2 Nf6 9. 0-0 Bd7 10. Qd2 Rc8 11. f3 0-0 12. Rfd1 Ne5 13. b3 Rfe8 14. h3 Nc6 15. Rac1 Nh5 16. Bf2 Be5 17. Be3 Ng3 18. Kf2 Nxe2 19. Ncxe2 Qc7 20. Nc3 Qb8 21. f4 Nxd4 22. Bxd4 Bxd4+ 23. Qxd4 Bc6 24. e5 dxe5 25. fxe5 e6 26. Ne4 Bxe4 27. Qxe4 Qc7 28. Rd2 Qc5+ 29. Qe3 b5 30. Rdc2 Rc7 31. Rd1 Qb6 32. Re2 Ree7 1/2-1/2

[Event "Seebach op 19th"]
[Site "Grossenseebach"]
[Date "2008.05.24"]
[Round "5"]
[White "Petersammer, Georg"]
[Black "Linsenmeyer, Mario"]
[Result "1/2-1/2"]
[WhiteElo "1874"]
[BlackElo "2108"]
[PlyCount "26"]
[EventDate "2008.05.25"]
[EventType "swiss"]
[EventRounds "7"]
[EventCountry "GER"]
[SourceTitle "EXT 2018"]
[Source "ChessBase"]
[SourceDate "2017.10.13"]
[SourceVersion "1"]
[SourceVersionDate "2017.10.13"]
[SourceQuality "1"]

1. Nf3 Nf6 2. b3 g6 3. Bb2 Bg7 4. c4 0-0 5. e3 c5 6. d4 d6 7. Bd3 Nc6 8. 0-0 cxd4 9. exd4 e5 10. dxe5 Nd7 11. Be4 Ncxe5 12. Nxe5 dxe5 13. Nc3 Nf6 1/2-1/2

[Event "Mittelfrankenliga-B2a 0708"]
[Site "Mittelfranken"]
[Date "2007.11.11"]
[Round "2.3"]
[White "Reichenberger, Helmut"]
[Black "Petersammer, Georg"]
[Result "1-0"]
[WhiteElo "1876"]
[BlackElo "1901"]
[PlyCount "129"]
[EventDate "2007.10.14"]
[EventType "team-tourn"]
[EventRounds "9"]
[EventCountry "GER"]
[SourceTitle "EXT 2011"]
[Source "ChessBase"]
[SourceDate "2010.11.26"]
[SourceVersion "1"]
[SourceVersionDate "2010.11.26"]
[SourceQuality "1"]
[WhiteTeam "Eckental"]
[BlackTeam "Lauf"]
[WhiteTeamCountry "GER"]
[BlackTeamCountry "GER"]

1. e4 c5 2. Nc3 Nc6 3. f4 g6 4. Nf3 d6 5. Bc4 Bg7 6. 0-0 e6 7. d3 Nge7 8. Qe1 Bd7 9. f5 Bd4+ 10. Kh1 Ne5 11. fxe6 fxe6 12. Bb3 Nxf3 13. Rxf3 Nc6 14. Nb5 Be5 15. Bd2 a6 16. Nc3 Nd4 17. Rf1 Qe7 18. Bf4 Bxf4 19. Rxf4 0-0-0 20. Ne2 g5 21. Rf2 Nc6 22. Qc3 Rdf8 23. Raf1 Kc7 24. d4 Rxf2 25. Rxf2 Rf8 26. Rxf8 Qxf8 27. dxc5 Qf1+ 28. Ng1 Qf4 29. cxd6+ Kxd6 30. Qd3+ Kc7 31. Qf3 Qd2 32. Qg3+ e5 33. Nf3 Qc1+ 34. Qe1 Qf4 35. Bd5 Bg4 36. Bxc6 Kxc6 37. Qc3+ Kd6 38. Qb4+ Kc6 39. Qc3+ Kd6 40. Qd2+ Qxd2 41. Nxd2 Be2 42. Kg1 g4 43. Kf2 Bb5 44. Kg3 h5 45. Kh4 Be8 46. Kg5 b5 47. b4 a5 48. a3 axb4 49. axb4 Ke6 50. Nf1 Bc6 51. Ng3 h4 52. Kxh4 Kf6 53. Kxg4 Kg6 54. Kf3 Kg5 55. Nf5 Be8 56. h4+ Kf6 57. g4 Bc6 58. g5+ Kf7 59. h5 Bd7 60. h6 Kg6 61. Ne7+ Kh7 62. Nd5 Be6 63. Nf6+ Kh8 64. g6 Bg4+ 65. Kg3 1-0

[Event "Mittelfrankenliga-B2a 0607"]
[Site "Mittelfranken"]
[Date "2007.01.28"]
[Round "5.2"]
[White "Bous, Florian"]
[Black "Petersammer, Georg"]
[Result "1/2-1/2"]
[WhiteElo "2016"]
[BlackElo "1941"]
[PlyCount "124"]
[EventDate "2006.10.22"]
[EventType "team-tourn"]
[EventRounds "9"]
[EventCountry "GER"]
[SourceTitle "EXT 2011"]
[Source "ChessBase"]
[SourceDate "2010.11.26"]
[SourceVersion "1"]
[SourceVersionDate "2010.11.26"]
[SourceQuality "1"]
[WhiteTeam "Erlangen BSGW"]
[BlackTeam "Lauf"]
[WhiteTeamCountry "GER"]
[BlackTeamCountry "GER"]

1. d4 g6 2. c4 Bg7 3. Nc3 Nf6 4. Nf3 c6 5. e4 d6 6. Be2 Nbd7 7. 0-0 0-0 8. Bd2 b6 9. Re1 Bb7 10. b4 c5 11. bxc5 Nxe4 12. Nxe4 Bxe4 13. cxd6 exd6 14. Bb4 Qf6 15. Qa4 Rfd8 16. Rac1 Bh6 17. Rcd1 Bf4 18. Qa3 Nf8 19. g3 Bh6 20. d5 g5 21. Nd4 a5 22. Bc3 Bg7 23. Bg4 Qg6 24. Nc6 Re8 25. Bxg7 Kxg7 26. Qb2+ Qf6 27. Qxb6 a4 28. Qd4 Bc2 29. Rc1 Rxe1+ 30. Rxe1 Qxd4 31. Nxd4 Bd3 32. Be2 Bg6 33. Nb5 Ra6 34. Bg4 h5 35. Be2 Nd7 36. Rc1 Nc5 37. f3 Kf6 38. Kf1 Bf5 39. Kg2 Rb6 40. h4 gxh4 41. gxh4 Nd3 42. Rc3 Nf4+ 43. Kf2 Bd7 44. Ra3 Nxe2 45. Kxe2 Bxb5 46. cxb5 Rxb5 47. Rxa4 Rxd5 48. Ke3 Re5+ 49. Re4 Ra5 50. a4 d5 51. Rf4+ Ke6 52. Kd3 f6 53. Kc3 Ke5 54. Rb4 Rc5+ 55. Kd3 Ra5 56. Ke3 Kf5 57. Rd4 Rc5 58. Kd3 Ke6 59. Rb4 Ke5 60. Rd4 Kf5 61. Rb4 Ke5 62. Rd4 Kf5 1/2-1/2

[Event "Mittelfrankenliga-B2a 0607"]
[Site "Mittelfranken"]
[Date "2006.11.12"]
[Round "2.3"]
[White "Petersammer, Georg"]
[Black "Suess, Helmut"]
[Result "1/2-1/2"]
[WhiteElo "1941"]
[BlackElo "1839"]
[PlyCount "59"]
[EventDate "2006.10.22"]
[EventType "team-tourn"]
[EventRounds "9"]
[EventCountry "GER"]
[SourceTitle "EXT 2011"]
[Source "ChessBase"]
[SourceDate "2010.11.26"]
[SourceVersion "1"]
[SourceVersionDate "2010.11.26"]
[SourceQuality "1"]
[WhiteTeam "Lauf"]
[BlackTeam "Nuernberg NT IV"]
[WhiteTeamCountry "GER"]
[BlackTeamCountry "GER"]

1. d4 Nf6 2. Bg5 e6 3. Nf3 Be7 4. Nbd2 d5 5. c3 Nbd7 6. e3 0-0 7. Bd3 c5 8. Rc1 h6 9. Bh4 Qb6 10. Qb3 c4 11. Qxb6 axb6 12. Bb1 Bd6 13. 0-0 b5 14. a3 g5 15. Bg3 Bxg3 16. hxg3 Nb6 17. Bc2 Na4 18. Rb1 Bd7 19. Ne5 Bc6 20. g4 Kg7 21. f4 Nd7 22. Nxd7 Bxd7 23. Nf3 f6 24. g3 Rae8 25. e4 dxe4 26. Bxe4 Bc6 27. Bxc6 bxc6 28. Rfe1 Kf7 29. fxg5 hxg5 30. Re2 1/2-1/2

[Event "Mittelfrankenliga-B2a 0607"]
[Site "Mittelfranken"]
[Date "2006.10.22"]
[Round "1.3"]
[White "Suess, Patrick"]
[Black "Petersammer, Georg"]
[Result "0-1"]
[WhiteElo "1576"]
[BlackElo "1941"]
[PlyCount "56"]
[EventDate "2006.10.22"]
[EventType "team-tourn"]
[EventRounds "9"]
[EventCountry "GER"]
[SourceTitle "EXT 2011"]
[Source "ChessBase"]
[SourceDate "2010.11.26"]
[SourceVersion "1"]
[SourceVersionDate "2010.11.26"]
[SourceQuality "1"]
[WhiteTeam "Lauf II"]
[BlackTeam "Lauf"]
[WhiteTeamCountry "GER"]
[BlackTeamCountry "GER"]

1. e4 c5 2. Nf3 Nc6 3. d4 cxd4 4. Nxd4 g6 5. Be3 Bg7 6. c3 Nf6 7. Bd3 0-0 8. Qc1 Ng4 9. 0-0 Nce5 10. Be2 Nxe3 11. Qxe3 Qb6 12. Qc1 d6 13. Nd2 Bd7 14. N2b3 Rac8 15. Qd2 a5 16. a4 Nc4 17. Bxc4 Rxc4 18. Nb5 Rxe4 19. Qd3 Re5 20. c4 Bf5 21. Qd2 Ra8 22. Rfe1 Be6 23. Rec1 Rh5 24. N3d4 Bh6 25. f4 Bg4 26. Kh1 e5 27. Ne2 Bxe2 28. Qxe2 Bxf4 0-1

[Event "Mittelfranken-ch QT 55th"]
[Site "Postbauer"]
[Date "2006.04.15"]
[Round "7"]
[White "Wissmeier, Bernd"]
[Black "Petersammer, Georg"]
[Result "1/2-1/2"]
[WhiteElo "1917"]
[BlackElo "1959"]
[PlyCount "53"]
[EventDate "2006.04.12"]
[EventType "swiss"]
[EventRounds "7"]
[EventCountry "GER"]
[SourceTitle "EXT 2015"]
[Source "ChessBase"]
[SourceDate "2014.11.20"]
[SourceVersion "1"]
[SourceVersionDate "2014.11.20"]
[SourceQuality "1"]

1. e4 e6 2. d3 b6 3. f4 Bb7 4. Be3 d5 5. Nd2 Nf6 6. e5 Nfd7 7. Ngf3 c5 8. Be2 Nc6 9. c3 Be7 10. 0-0 g6 11. a3 Qc7 12. b4 a5 13. b5 Na7 14. a4 h6 15. d4 c4 16. Qc2 0-0-0 17. Kf2 Rdg8 18. h4 Qd8 19. Rh1 Kb8 20. g3 Nc8 21. Rag1 Qf8 22. Nb1 Bd8 23. Bc1 Be7 24. Ke1 Rg7 25. Rh2 Qg8 26. Bf1 Nf8 27. Na3 1/2-1/2

[Event "Mittelfranken-ch QT 55th"]
[Site "Postbauer"]
[Date "2006.04.14"]
[Round "5"]
[White "Hannweber, Markus"]
[Black "Petersammer, Georg"]
[Result "1/2-1/2"]
[WhiteElo "1882"]
[BlackElo "1959"]
[PlyCount "82"]
[EventDate "2006.04.12"]
[EventType "swiss"]
[EventRounds "7"]
[EventCountry "GER"]
[SourceTitle "EXT 2015"]
[Source "ChessBase"]
[SourceDate "2014.11.20"]
[SourceVersion "1"]
[SourceVersionDate "2014.11.20"]
[SourceQuality "1"]

1. e4 c5 2. Nf3 Nc6 3. d4 cxd4 4. Nxd4 Qb6 5. Nb3 g6 6. Be3 Qb4+ 7. N1d2 Bh6 8. c3 Qd6 9. Bxh6 Nxh6 10. Be2 0-0 11. 0-0 Kg7 12. Qc2 Qc7 13. Rad1 d6 14. Nc4 Be6 15. Ne3 Rfc8 16. a3 Qd8 17. Nd4 Nxd4 18. Rxd4 Qe8 19. g4 f6 20. f4 Qc6 21. Bf3 Qc5 22. Qd2 Rab8 23. Rf2 g5 24. Nf5+ Bxf5 25. gxf5 Nf7 26. fxg5 Nxg5 27. Kf1 Kh8 28. Bh5 Rf8 29. h4 Nf7 30. Rg2 Qb5+ 31. Ke1 Ne5 32. Be2 Qe8 33. Qh6 Rg8 34. Bh5 Qf8 35. Qxf8 Rbxf8 36. Rdd2 Rxg2 37. Rxg2 Rg8 38. Rxg8+ Kxg8 39. Be2 Kf7 40. Kf2 Ke8 41. Ke3 Kf7 1/2-1/2

[Event "Mittelfranken-ch QT 55th"]
[Site "Postbauer"]
[Date "2006.04.12"]
[Round "2"]
[White "Holland, Arthur"]
[Black "Petersammer, Georg"]
[Result "1/2-1/2"]
[WhiteElo "1749"]
[BlackElo "1959"]
[PlyCount "53"]
[EventDate "2006.04.12"]
[EventType "swiss"]
[EventRounds "7"]
[EventCountry "GER"]
[SourceTitle "EXT 2015"]
[Source "ChessBase"]
[SourceDate "2014.11.20"]
[SourceVersion "1"]
[SourceVersionDate "2014.11.20"]
[SourceQuality "1"]

1. e4 c5 2. Nf3 Nc6 3. d4 cxd4 4. Nxd4 g6 5. Nc3 Bg7 6. Be3 Nf6 7. Be2 0-0 8. 0-0 d6 9. h3 Bd7 10. Nb3 a6 11. a4 Nb4 12. a5 Rc8 13. Bb6 Qe8 14. Bd3 Nxd3 15. cxd3 Bc6 16. Qd2 h5 17. Rfe1 Nd7 18. Bd4 Ne5 19. f4 Bh6 20. Be3 Nd7 21. f5 Bxe3+ 22. Rxe3 Kh7 23. Rg3 Ne5 24. Nd4 Rg8 25. Rf1 Rc7 26. Nce2 Bd7 27. Rg5 1/2-1/2

[Event "Mittelfranken-ch QT 55th"]
[Site "Postbauer"]
[Date "2006.04.12"]
[Round "1"]
[White "Petersammer, Georg"]
[Black "Lohse, Dirk"]
[Result "1-0"]
[WhiteElo "1959"]
[BlackElo "1540"]
[PlyCount "53"]
[EventDate "2006.04.12"]
[EventType "swiss"]
[EventRounds "7"]
[EventCountry "GER"]
[SourceTitle "EXT 2015"]
[Source "ChessBase"]
[SourceDate "2014.11.20"]
[SourceVersion "1"]
[SourceVersionDate "2014.11.20"]
[SourceQuality "1"]

1. d4 d5 2. Nf3 Nf6 3. Bg5 e6 4. Nbd2 Be7 5. e3 0-0 6. Bd3 Nbd7 7. c3 c5 8. Rc1 c4 9. Bb1 b5 10. Qc2 h6 11. Bh4 Re8 12. Ne5 Nf8 13. 0-0 Bb7 14. f3 N6d7 15. Bg3 Nxe5 16. Bxe5 Bd6 17. Bxd6 Qxd6 18. f4 Bc8 19. Nf3 f5 20. Kh1 Nd7 21. g4 Nf6 22. g5 hxg5 23. Nxg5 Ng4 24. Qe2 Qf8 25. Rf3 Qf6 26. Rh3 Qg6 27. Rg1 1-0

[Event "Seebach op 16th"]
[Site "Grossenseebach"]
[Date "2005.05.26"]
[Round "1"]
[White "Petersammer, Georg"]
[Black "Schroeder, Harald"]
[Result "1-0"]
[WhiteElo "1939"]
[BlackElo "1402"]
[PlyCount "86"]
[EventDate "2005.05.26"]
[EventType "swiss"]
[EventRounds "7"]
[EventCountry "GER"]
[SourceTitle "EXT 2018"]
[Source "ChessBase"]
[SourceDate "2017.10.13"]
[SourceVersion "1"]
[SourceVersionDate "2017.10.13"]
[SourceQuality "1"]

1. d4 d5 2. Nf3 Nc6 3. Bg5 Bg4 4. Nbd2 h6 5. Bh4 g5 6. Bg3 Nf6 7. c3 e6 8. Qa4 Bd6 9. Ne5 Bxe5 10. Bxe5 0-0 11. h3 Bh5 12. Bg3 Bg6 13. e3 a6 14. Be2 Qe7 15. 0-0 Rfe8 16. f4 Ne4 17. Nxe4 Bxe4 18. Qd1 f6 19. Bh5 Rf8 20. Rf2 e5 21. f5 Qd7 22. Qf1 Ne7 23. Bg4 exd4 24. exd4 Rf7 25. h4 Rg7 26. h5 Rc8 27. Rd1 b5 28. a3 c5 29. Qe2 cxd4 30. Rxd4 Re8 31. Qxe4 dxe4 32. Rxd7 Nc6 33. Rxg7+ Kxg7 34. Re2 Na5 35. Bf3 Nc4 36. Rxe4 Rxe4 37. Bxe4 Nxb2 38. Bd5 Na4 39. Be1 Nb6 40. Be6 Nc4 41. Bxc4 bxc4 42. g4 Kf7 43. Bf2 Ke7 1-0